La audiovisión: introducción a un análisis conjunto de la imagen y el sonido

Saved in:
書目詳細資料
主要作者: Chion, Michel (Author)
格式: 圖書
語言:西班牙语
出版: Buenos Aires Paidós 2008
版:1a. ed
叢編:Paidós Comunicación, 53
主題:
標簽: 添加標簽
沒有標簽, 成為第一個標記此記錄!

MARC

LEADER 00000nam a2200000 a 4500
001 UCH2032
003 CL-VaPUC
008 090528e20080000AG |||||||||||||||||spa|d
020 |a 9789501275025 
082 0 4 |a 371.335  |b CHI  |2 21 
100 0 |a Chion, Michel  |e author  |9 536665 
245 1 3 |a La audiovisión: introducción a un análisis conjunto de la imagen y el sonido 
250 |a 1a. ed 
300 |a 206 p 
942 |c BK 
945 |d 20090528 00:00:00  |a rbrito 
260 |a Buenos Aires  |b Paidós  |c 2008 
650 0 |a Cinematografía  |9 265198 
650 7 |a MATERIAL AUDIOVISUAL  |2 CL-VaPUC  |9 308466 
650 0 |a Enseñanza audiovisual  |9 268091 
583 |a last modification  |c 20090528 00:00:00  |k Rodrigo Vera 
490 0 |a Paidós Comunicación, 53 
999 |c 333887  |d 333885 
952 |0 0  |1 0  |4 0  |6 371_335000000000000_CHI_2008  |7 0  |8 A  |9 422535  |a BIBEDU  |b BIBEDU  |d 2019-11-22  |i 455177K  |o 371.335 CHI 2008  |p 455177K  |r 2019-11-22  |w 2019-11-22  |y BK  |k LIT 
952 |0 0  |1 0  |4 0  |6 371_335000000000000_CHI_2008  |7 0  |8 A  |9 422536  |a BIBCUR  |b BIBCUR  |d 2019-11-22  |i 4562003  |o 371.335 CHI 2008  |p 4562003  |r 2025-04-22  |w 2019-11-22  |y BK  |k PER